Politycy z Prawa i Sprawiedliwości - nagła śmierć - Statystyki

Ogólne statystyki
  • Ten quiz został rozwiązany 376 razy
    194 od ostatniego zresetowania
  • Średni wynik to 10 z 12
Answers on the Grid
Answers color-coded by a green-red scale on the quiz's grid according to % correct below.
Jarosław Kaczyński
Andrzej Duda
Donald Tusk
Mateusz Morawiecki
Rafał Trzaskowski
Sławomir Mentzen
Zbigniew Ziobro
Bronisław Komorowski
Antoni Macierewicz
Szymon Hołownia
Mariusz Błaszczak
Borys Budka
Beata Szydło
Robert Biedroń
Barbara Nowacka
Przemysław Czarnek
Dominik Tarczyński
Michał Szczerba
Witold Zembaczyński
Grzegorz Braun
Patryk Jaki
Elżbieta Witek
Cezary Tomczyk
Mariusz Kamiński
 
Statystyki odpowiedzi
Odpowiedź % Poprawnych
Jarosław Kaczyński
98%
Andrzej Duda
96%
Mateusz Morawiecki
96%
Zbigniew Ziobro
90%
Beata Szydło
85%
Przemysław Czarnek
85%
Antoni Macierewicz
80%
Mariusz Błaszczak
78%
Dominik Tarczyński
75%
Patryk Jaki
73%
Mariusz Kamiński
72%
Elżbieta Witek
71%
Nie znaleziono quizów pasujących do podanych kryteriów
Rozkład punktacji
Procent ludzi z każdym wynikiem
Percentyl według liczby udzielonych odpowiedzi
Twoja historia wyników
Nie rozwiązałeś tego quizu od ostatniego zresetowania